000
00238nam a2200085Ia 4500
245
0
_a
The call and other strange stories
100
_a
WESTALL, Robert Oxford, 2003
_9
83768
942
_c
BK
008
210819s9999 xx 000 0 und d
999
_c
306108
_d
306107